Agartha (Record no. 137046)

MARC details
000 -LEADER
fixed length control field 00523nam a22001937a 4500
003 - CONTROL NUMBER IDENTIFIER
control field OSt
005 - DATE AND TIME OF LATEST TRANSACTION
control field 20250613112108.0
008 - FIXED-LENGTH DATA ELEMENTS--GENERAL INFORMATION
fixed length control field 250613b |||||||| |||| 00| 0 eng d
020 ## - INTERNATIONAL STANDARD BOOK NUMBER
International Standard Book Number 978-81-984501-6-6
040 ## - CATALOGING SOURCE
Transcribing agency SBCL
082 ## - DEWEY DECIMAL CLASSIFICATION NUMBER
Classification number 894.8123
Item number ILT-A
100 ## - MAIN ENTRY--PERSONAL NAME
Personal name Ilthumish, Nizar
245 ## - TITLE STATEMENT
Title Agartha
250 ## - EDITION STATEMENT
Edition statement 3rd
260 ## - PUBLICATION, DISTRIBUTION, ETC.
Place of publication, distribution, etc. Calicut
Name of publisher, distributor, etc. Mankind Literature
Date of publication, distribution, etc. 2025
300 ## - PHYSICAL DESCRIPTION
Extent 190p.
650 ## - SUBJECT ADDED ENTRY--TOPICAL TERM
Topical term or geographic name entry element Literatures of other languages
942 ## - ADDED ENTRY ELEMENTS (KOHA)
Koha item type BOOK
650 ## - SUBJECT ADDED ENTRY--TOPICAL TERM
Source of heading or term Literature & rhetoric
Form subdivision Altaic, Uralic, Hyperborean & Dravidian
Holdings
Withdrawn status Lost status Source of classification or shelving scheme Damaged status Not for loan Home library Current library Date acquired Cost, normal purchase price Total Checkouts Full call number Barcode Shelving location Date last seen Date last checked out Price effective from Koha item type
    Dewey Decimal Classification     SB LIBRARY SB LIBRARY 13/06/2025 320.00 6 894.8123 ILT-A 143119 GENERAL STACK 23/03/2026 06/03/2026 13/06/2025 BOOK

Powered by Koha